00203nam a2200085Ia 4500008004100000100001300041245003400054260002000088260000900108170620s9999 xx 000 0 und d aBare act 0aRight to Information act 2005 bAlia Law Agency c2006